LIBRARY & INFORMATION CENTRE, KCAET, TAVANUR

ONLINE PUBLIC ACCESS CATALOGUE (OPAC)

Practical descriptive geometry / (Record no. 7131)

MARC details
000 -LEADER
fixed length control field 00447cam a2200181ua 4500
041 ## - LANGUAGE CODE
Language code of text/sound track or separate title eng
082 ## - DEWEY DECIMAL CLASSIFICATION NUMBER
Classification number 516.6
Item number GRA/PR
100 ## - MAIN ENTRY--AUTHOR NAME
Personal name Grant, Hiram E .
245 ## - TITLE STATEMENT
Title Practical descriptive geometry /
250 ## - EDITION STATEMENT
Edition statement 1 /
260 ## - PUBLICATION, DISTRIBUTION, ETC. (IMPRINT)
Place of publication New York :
Name of publisher McGraw Hill Book Company ,
Year of publication 1952.
300 ## - PHYSICAL DESCRIPTION
Number of Pages 253 ; .
942 ## - ADDED ENTRY ELEMENTS (KOHA)
Koha item type Books
Holdings
Withdrawn status Lost status Damaged status Home library Current library Date acquired Full call number Accession Number Koha item type
      KAUAET KAUAET 07/04/2012 516.6 5945 Books
free website counter